Loading...
| Fine Arts - Other | 4 | 2.50 | 0% | 0% | 125% |
| Fine Arts - Visual | 3 | 3.33 | 0% | 200% | 0% |
| Geography | 1 | 10.00 | 0% | 0% | 500% |
| History - American | 4 | 10.00 | 1,800% | 0% | 275% |
| History - European | 2 | 10.00 | 1,250% | 250% | 0% |
| History - Other | 4 | 12.50 | 1,525% | 250% | 125% |
| History - World | 5 | 16.00 | 1,940% | 240% | 360% |
| Literature - American | 1 | 0.00 | 0% | 0% | 0% |
| Literature - British | 5 | 10.00 | 1,720% | 120% | 100% |
| Literature - European | 3 | 13.33 | 1,200% | 600% | 0% |
| Literature - World | 2 | 10.00 | 0% | 300% | 300% |
| Mythology | 3 | 6.67 | 0% | 200% | 167% |
| Pop Culture | 2 | 10.00 | 0% | 300% | 300% |
| Religion | 1 | 0.00 | 0% | 0% | 0% |
| Science - Biology | 4 | 10.00 | 0% | 425% | 125% |
| Science - Chemistry | 1 | 10.00 | 2,500% | 0% | 0% |
| Science - Other | 1 | 20.00 | 0% | 600% | 600% |
| Science - Physics | 3 | 10.00 | 0% | 167% | 367% |
| Social Science | 3 | 13.33 | 833% | 533% | 0% |